| 000 | 00712nam a2200193Ia 4500 | ||
|---|---|---|---|
| 003 | GCL | ||
| 008 | 140319s9999 xx 000 0 ara d | ||
| 040 |
_aGCL / _cGCL |
||
| 082 | 0 | 4 |
_a953.0722 _bم ا |
| 100 | 1 | _aمحمود اسماعيل | |
| 245 | 1 | 0 |
_aالاغالبة (184-296 هـ) / _cمحمود اسماعيل |
| 250 | _aالثالثة | ||
| 260 |
_aالقاهرة : _bعين للدراسات والبحوث الانسانية والاجتماعية ، _c2000 |
||
| 300 |
_a224 ص ؛ _c24 سم |
||
| 650 | 0 | 4 | _aالاغالبة |
| 650 | 0 | 4 | _aتونس - تاريخ - العصر الاسلامى 647-1881م |
| 650 | 0 | 4 | _aالتاريخ الاسلامى، فتح شمال افريقيا |
| 942 |
_2ddc _cBK |
||
| 999 |
_c1032 _d1032 |
||